00544nam a2200193 a 4500001001300000003000900013005001700022008004100039020002300080082001700103100002200120245006600142260003300208300000900241500003500250505001000285650002600295650002900321nice12345678IN_TiNIC20260116013157.0050524s1988 newa grp 000 0 eng  a0883446 c21700a248.843bFAB aFabella, Virginia aWith Passion and Compassion, Third World Women Doing Theology aNew YorkbOrbis Books c1988 a192p aincludes index and biblioraphy2 aNotes aWomen in Christianity aWomen-Christian Theology